[Event "DVM U12 2024"]
[Site "Heidelberg GER"]
[Date "2024.12.30"]
[Round "7"]
[White "Rudolph, Simon"]
[Black "Boroshnev, Dmytro"]
[Result "0-1"]
[Termination "normal"]
[Board "9.1"]
[WhiteElo "1614"]
[BlackElo "1624"]
[WhiteClock "00:48:56"]
[BlackClock "01:05:24"]
[WhiteTeam "SC Leipzig-Lindenau"]
[BlackTeam "SC Turm Erfurt"]
[PlyCount "78"]
[WhiteFideId "34617078"]
[BlackFideId "34163611"]
[EventCountry "GER"]
[EventRounds "7"]
[EventType "team-swiss"]
[EventDate "2024.12.26"]

1. d4 {[%clk 01:30:58]} {[%emt 00:00:01]} Nf6 {[%clk 01:30:56]} {[%emt
00:00:04]} 2. c4 {[%clk 01:31:23]} {[%emt 00:00:06]} g6 {[%clk 01:30:48]}
{[%emt 00:00:37]} 3. Nc3 {[%clk 01:31:48]} {[%emt 00:00:05]} Bg7 {[%clk
01:31:12]} {[%emt 00:00:07]} 4. e4 {[%clk 01:32:14]} {[%emt 00:00:04]} d6
{[%clk 01:31:36]} {[%emt 00:00:06]} 5. Be2 {[%clk 01:32:40]} {[%emt 00:00:04]}
Nbd7 {[%clk 01:31:55]} {[%emt 00:00:11]} 6. Bg5 {[%clk 01:33:03]} {[%emt
00:00:06]} e5 {[%clk 01:31:32]} {[%emt 00:00:53]} 7. d5 {[%clk 01:33:10]}
{[%emt 00:00:24]} h6 {[%clk 01:28:04]} {[%emt 00:03:57]} 8. Be3 {[%clk
01:33:22]} {[%emt 00:00:17]} a6 {[%clk 01:27:23]} {[%emt 00:01:13]} 9. a4
{[%clk 01:32:57]} {[%emt 00:00:55]} O-O {[%clk 01:25:08]} {[%emt 00:02:45]} 10.
h4 {[%clk 01:31:45]} {[%emt 00:01:41]} Ne8 {[%clk 01:22:32]} {[%emt 00:03:06]}
11. h5 {[%clk 01:31:50]} {[%emt 00:00:25]} f5 {[%clk 01:22:55]} {[%emt
00:00:07]} 12. g4 {[%clk 01:30:39]} {[%emt 00:01:41]} f4 {[%clk 01:23:10]}
{[%emt 00:00:16]} 13. Bd2 {[%clk 01:30:56]} {[%emt 00:00:11]} g5 {[%clk
01:23:31]} {[%emt 00:00:10]} 14. f3 {[%clk 01:31:16]} {[%emt 00:00:10]} a5
{[%clk 01:23:26]} {[%emt 00:00:36]} 15. Nh3 {[%clk 01:28:07]} {[%emt 00:03:38]}
Ndf6 {[%clk 01:23:04]} {[%emt 00:00:53]} 16. Nf2 {[%clk 01:28:06]} {[%emt
00:00:30]} c6 {[%clk 01:23:19]} {[%emt 00:00:15]} 17. Kf1 {[%clk 01:27:26]}
{[%emt 00:01:10]} Qb6 {[%clk 01:23:16]} {[%emt 00:00:33]} 18. Rb1 {[%clk
01:25:56]} {[%emt 00:02:00]} Nd7 {[%clk 01:23:41]} {[%emt 00:00:05]} 19. Nd3
{[%clk 01:23:33]} {[%emt 00:02:54]} Nc5 {[%clk 01:23:27]} {[%emt 00:00:44]} 20.
Nxc5 {[%clk 01:22:18]} {[%emt 00:01:45]} Qxc5 {[%clk 01:23:48]} {[%emt
00:00:07]} 21. Na2 {[%clk 01:21:46]} {[%emt 00:01:04]} Qb6 {[%clk 01:23:20]}
{[%emt 00:00:57]} 22. b4 {[%clk 01:12:59]} {[%emt 00:09:17]} axb4 {[%clk
01:23:24]} {[%emt 00:00:25]} 23. Nxb4 {[%clk 01:09:46]} {[%emt 00:03:43]} Qc7
{[%clk 01:23:49]} {[%emt 00:00:05]} 24. Kg2 {[%clk 01:08:34]} {[%emt 00:01:42]}
Nf6 {[%clk 01:22:04]} {[%emt 00:02:15]} 25. Qb3 {[%clk 01:02:16]} {[%emt
00:06:48]} Bxg4 {[%clk 01:15:06]} {[%emt 00:07:28]} 26. fxg4 {[%clk 01:01:44]}
{[%emt 00:01:02]} Nxe4 {[%clk 01:14:38]} {[%emt 00:00:57]} 27. Qc2 {[%clk
00:59:46]} {[%emt 00:02:29]} Nxd2 {[%clk 01:12:30]} {[%emt 00:02:38]} 28. Qxd2
{[%clk 00:59:12]} {[%emt 00:01:05]} e4 {[%clk 01:12:56]} {[%emt 00:00:04]} 29.
dxc6 {[%clk 00:56:57]} {[%emt 00:02:45]} f3+ {[%clk 01:11:50]} {[%emt
00:01:35]} 30. Kh3 {[%clk 00:56:32]} {[%emt 00:00:54]} fxe2 {[%clk 01:11:03]}
{[%emt 00:01:16]} 31. Qd5+ {[%clk 00:55:01]} {[%emt 00:02:03]} Kh8 {[%clk
01:11:20]} {[%emt 00:00:14]} 32. cxb7 {[%clk 00:53:57]} {[%emt 00:01:34]} Rf3+
{[%clk 01:11:08]} {[%emt 00:00:42]} 33. Kg2 {[%clk 00:54:09]} {[%emt 00:00:18]}
Raf8 {[%clk 01:11:23]} {[%emt 00:00:14]} 34. Nd3 {[%clk 00:49:16]} {[%emt
00:05:23]} Rxd3 {[%clk 01:06:40]} {[%emt 00:05:13]} 35. Qf5 {[%clk 00:49:32]}
{[%emt 00:00:14]} Rf3 {[%clk 01:04:15]} {[%emt 00:02:54]} 36. Qxe4 {[%clk
00:48:37]} {[%emt 00:01:25]} Rf2+ {[%clk 01:04:28]} {[%emt 00:00:18]} 37. Kh3
{[%clk 00:48:21]} {[%emt 00:00:47]} R8f3+ {[%clk 01:04:32]} {[%emt 00:00:26]}
38. Qxf3 {[%clk 00:48:37]} {[%emt 00:00:13]} Rxf3+ {[%clk 01:04:58]} {[%emt
00:00:04]} 39. Kg2 {[%clk 00:48:56]} {[%emt 00:00:13]} Rf8 {[%clk 01:05:24]}
{[%emt 00:00:04]} 0-1

[Event "DVM U12 2024"]
[Site "Heidelberg GER"]
[Date "2024.12.30"]
[Round "7"]
[White "Buff, Hannes"]
[Black "Hübler, Lennis"]
[Result "1/2-1/2"]
[Termination "normal"]
[Board "9.2"]
[WhiteElo "1370"]
[BlackElo "1261"]
[WhiteClock "00:27:20"]
[BlackClock "01:07:21"]
[WhiteTeam "SC Turm Erfurt"]
[BlackTeam "SC Leipzig-Lindenau"]
[PlyCount "43"]
[WhiteFideId "533014094"]
[BlackFideId "34693432"]
[EventCountry "GER"]
[EventRounds "7"]
[EventType "team-swiss"]
[EventDate "2024.12.26"]

1. e4 {[%clk 01:30:57]} {[%emt 00:00:02]} e5 {[%clk 01:30:53]} {[%emt
00:00:07]} 2. Nf3 {[%clk 01:31:16]} {[%emt 00:00:11]} Nc6 {[%clk 01:31:14]}
{[%emt 00:00:08]} 3. d4 {[%clk 01:31:32]} {[%emt 00:00:15]} exd4 {[%clk
01:31:35]} {[%emt 00:00:09]} 4. Bc4 {[%clk 01:31:48]} {[%emt 00:00:15]} Nf6
{[%clk 01:31:36]} {[%emt 00:00:28]} 5. O-O {[%clk 01:31:52]} {[%emt 00:00:26]}
d6 {[%clk 01:31:22]} {[%emt 00:00:43]} 6. Bg5 {[%clk 01:28:53]} {[%emt
00:03:30]} Be7 {[%clk 01:30:52]} {[%emt 00:00:59]} 7. Re1 {[%clk 01:27:00]}
{[%emt 00:02:24]} O-O {[%clk 01:29:12]} {[%emt 00:02:10]} 8. c3 {[%clk
01:18:22]} {[%emt 00:09:09]} dxc3 {[%clk 01:28:11]} {[%emt 00:01:31]} 9. Nxc3
{[%clk 01:18:44]} {[%emt 00:00:08]} Bg4 {[%clk 01:25:10]} {[%emt 00:03:30]} 10.
h3 {[%clk 01:16:54]} {[%emt 00:02:21]} Bh5 {[%clk 01:23:33]} {[%emt 00:02:07]}
11. Qd3 {[%clk 01:11:27]} {[%emt 00:05:57]} Bxf3 {[%clk 01:22:04]} {[%emt
00:01:59]} 12. Qxf3 {[%clk 01:11:41]} {[%emt 00:00:16]} Ne5 {[%clk 01:22:11]}
{[%emt 00:00:22]} 13. Qe2 {[%clk 01:10:55]} {[%emt 00:01:17]} Nxc4 {[%clk
01:18:34]} {[%emt 00:04:07]} 14. Qxc4 {[%clk 01:11:07]} {[%emt 00:00:19]} h6
{[%clk 01:17:27]} {[%emt 00:01:37]} 15. Bh4 {[%clk 01:10:55]} {[%emt 00:00:42]}
Rc8 {[%clk 01:13:01]} {[%emt 00:04:55]} 16. Rad1 {[%clk 01:10:45]} {[%emt
00:00:40]} Nd7 {[%clk 01:11:49]} {[%emt 00:01:42]} 17. Bxe7 {[%clk 01:09:43]}
{[%emt 00:01:32]} Qxe7 {[%clk 01:12:07]} {[%emt 00:00:12]} 18. Qd5 {[%clk
01:01:14]} {[%emt 00:09:00]} b6 {[%clk 01:10:48]} {[%emt 00:01:49]} 19. f4
{[%clk 00:52:43]} {[%emt 00:09:02]} Nf6 {[%clk 01:09:26]} {[%emt 00:01:52]} 20.
Qd4 {[%clk 00:47:51]} {[%emt 00:05:22]} Rfe8 {[%clk 01:08:01]} {[%emt
00:01:53]} 21. Re3 {[%clk 00:32:08]} {[%emt 00:16:06]} Rcd8 {[%clk 01:07:21]}
{[%emt 00:01:18]} 22. Rde1 {[%clk 00:27:20]} {[%emt 00:05:19]} 1/2-1/2

[Event "DVM U12 2024"]
[Site "Heidelberg GER"]
[Date "2024.12.30"]
[Round "7"]
[White "Kühn, David"]
[Black "Balthasar, Johann"]
[Result "0-1"]
[Termination "normal"]
[Board "9.3"]
[WhiteElo "1003"]
[BlackElo "1317"]
[WhiteClock "01:04:55"]
[BlackClock "00:48:42"]
[WhiteTeam "SC Leipzig-Lindenau"]
[BlackTeam "SC Turm Erfurt"]
[PlyCount "114"]
[BlackFideId "533015678"]
[EventCountry "GER"]
[EventRounds "7"]
[EventType "team-swiss"]
[EventDate "2024.12.26"]

1. e4 {[%clk 01:30:59]} c5 {[%clk 01:30:54]} {[%emt 00:00:07]} 2. Nc3 {[%clk
01:31:22]} {[%emt 00:00:08]} d6 {[%clk 01:31:16]} {[%emt 00:00:08]} 3. Nf3
{[%clk 01:30:35]} {[%emt 00:01:15]} Nf6 {[%clk 01:31:27]} {[%emt 00:00:19]} 4.
h3 {[%clk 01:30:09]} {[%emt 00:00:57]} g6 {[%clk 01:31:28]} {[%emt 00:00:29]}
5. Bc4 {[%clk 01:29:41]} {[%emt 00:00:58]} Bg7 {[%clk 01:31:15]} {[%emt
00:00:42]} 6. O-O {[%clk 01:29:34]} {[%emt 00:00:38]} O-O {[%clk 01:31:33]}
{[%emt 00:00:12]} 7. d3 {[%clk 01:28:25]} {[%emt 00:01:39]} Nc6 {[%clk
01:31:20]} {[%emt 00:00:43]} 8. Be3 {[%clk 01:27:20]} {[%emt 00:01:35]} Bd7
{[%clk 01:30:52]} {[%emt 00:00:58]} 9. a3 {[%clk 01:26:35]} {[%emt 00:01:15]}
a6 {[%clk 01:30:36]} {[%emt 00:00:47]} 10. Rb1 {[%clk 01:25:46]} {[%emt
00:01:19]} b5 {[%clk 01:30:05]} {[%emt 00:01:01]} 11. Ba2 {[%clk 01:25:30]}
{[%emt 00:00:46]} Qc7 {[%clk 01:29:13]} {[%emt 00:01:22]} 12. Bf4 {[%clk
01:24:01]} {[%emt 00:01:58]} Rab8 {[%clk 01:28:43]} {[%emt 00:01:00]} 13. Qd2
{[%clk 01:23:24]} {[%emt 00:01:06]} a5 {[%clk 01:27:19]} {[%emt 00:01:55]} 14.
Nd5 {[%clk 01:22:40]} {[%emt 00:01:14]} Nxd5 {[%clk 01:26:00]} {[%emt
00:01:50]} 15. exd5 {[%clk 01:22:56]} {[%emt 00:00:13]} Ne5 {[%clk 01:22:51]}
{[%emt 00:03:39]} 16. Nxe5 {[%clk 01:21:18]} {[%emt 00:02:08]} Bxe5 {[%clk
01:22:45]} {[%emt 00:00:36]} 17. Bh6 {[%clk 01:21:26]} {[%emt 00:00:22]} Rfe8
{[%clk 01:17:30]} {[%emt 00:05:45]} 18. c3 {[%clk 01:21:23]} {[%emt 00:00:33]}
Qc8 {[%clk 01:15:41]} {[%emt 00:02:20]} 19. Qe3 {[%clk 01:18:21]} {[%emt
00:03:30]} Bf5 {[%clk 01:11:08]} {[%emt 00:05:05]} 20. Rbc1 {[%clk 01:17:02]}
{[%emt 00:01:49]} Qa6 {[%clk 01:05:23]} {[%emt 00:06:10]} 21. g4 {[%clk
01:14:13]} {[%emt 00:03:24]} Bd7 {[%clk 01:04:23]} {[%emt 00:01:29]} 22. f4
{[%clk 01:11:00]} {[%emt 00:03:44]} Bg7 {[%clk 01:04:17]} {[%emt 00:00:37]} 23.
Bxg7 {[%clk 01:11:08]} {[%emt 00:00:22]} Kxg7 {[%clk 01:04:42]} {[%emt
00:00:05]} 24. d4 {[%clk 01:10:35]} {[%emt 00:01:04]} c4 {[%clk 00:58:59]}
{[%emt 00:06:14]} 25. b4 {[%clk 01:08:36]} {[%emt 00:02:28]} axb4 {[%clk
00:57:48]} {[%emt 00:01:41]} 26. cxb4 {[%clk 01:08:57]} {[%emt 00:00:08]} Ra8
{[%clk 00:57:43]} {[%emt 00:00:36]} 27. Rc3 {[%clk 01:08:49]} {[%emt 00:00:37]}
e6 {[%clk 00:56:56]} {[%emt 00:01:17]} 28. Qf3 {[%clk 01:07:19]} {[%emt
00:02:00]} exd5 {[%clk 00:55:27]} {[%emt 00:01:58]} 29. Qxd5 {[%clk 01:07:39]}
{[%emt 00:00:11]} Qc6 {[%clk 00:52:47]} {[%emt 00:03:10]} 30. Qxc6 {[%clk
01:06:32]} {[%emt 00:01:35]} Bxc6 {[%clk 00:53:13]} {[%emt 00:00:06]} 31. Rd1
{[%clk 01:06:31]} {[%emt 00:00:30]} Bd5 {[%clk 00:51:09]} {[%emt 00:02:35]} 32.
Rc2 {[%clk 01:06:24]} {[%emt 00:00:36]} Re4 {[%clk 00:50:40]} {[%emt 00:00:59]}
33. Rf2 {[%clk 01:05:48]} {[%emt 00:01:06]} Rxa3 {[%clk 00:50:52]} {[%emt
00:00:19]} 34. Bb1 {[%clk 01:05:56]} {[%emt 00:00:22]} Ree3 {[%clk 00:48:55]}
{[%emt 00:02:25]} 35. Rh2 {[%clk 01:04:16]} {[%emt 00:02:10]} Be4 {[%clk
00:48:41]} {[%emt 00:00:46]} 36. Bxe4 {[%clk 01:03:54]} {[%emt 00:00:52]} Rxe4
{[%clk 00:49:09]} {[%emt 00:00:02]} 37. f5 {[%clk 01:04:01]} {[%emt 00:00:23]}
Rae3 {[%clk 00:48:48]} {[%emt 00:00:51]} 38. Kf1 {[%clk 01:03:19]} {[%emt
00:01:05]} Rf4+ {[%clk 00:47:42]} {[%emt 00:01:41]} 39. Rf2 {[%clk 01:02:30]}
{[%emt 00:01:20]} Rxf2+ {[%clk 00:47:43]} {[%emt 00:00:30]} 40. Kxf2 {[%clk
01:02:47]} {[%emt 00:00:13]} Rxh3 {[%clk 00:47:32]} {[%emt 00:00:40]} 41. fxg6
{[%clk 01:02:59]} {[%emt 00:00:18]} hxg6 {[%clk 00:47:45]} {[%emt 00:00:18]}
42. Re1 {[%clk 01:02:48]} {[%emt 00:00:41]} Rd3 {[%clk 00:47:15]} {[%emt
00:00:59]} 43. Re3 {[%clk 01:01:34]} {[%emt 00:01:44]} Rxe3 {[%clk 00:47:43]}
{[%emt 00:00:03]} 44. Kxe3 {[%clk 01:01:54]} {[%emt 00:00:09]} Kf6 {[%clk
00:48:00]} {[%emt 00:00:14]} 45. Ke4 {[%clk 01:02:21]} {[%emt 00:00:03]} Ke6
{[%clk 00:48:08]} {[%emt 00:00:22]} 46. d5+ {[%clk 01:02:37]} {[%emt 00:00:14]}
Kd7 {[%clk 00:48:13]} {[%emt 00:00:24]} 47. Kd4 {[%clk 01:02:51]} {[%emt
00:00:15]} f5 {[%clk 00:48:32]} {[%emt 00:00:11]} 48. gxf5 {[%clk 01:03:12]}
{[%emt 00:00:11]} gxf5 {[%clk 00:48:25]} {[%emt 00:00:37]} 49. Ke3 {[%clk
01:03:30]} {[%emt 00:00:12]} Ke7 {[%clk 00:48:22]} {[%emt 00:00:33]} 50. Kd4
{[%clk 01:03:39]} {[%emt 00:00:21]} f4 {[%clk 00:47:41]} {[%emt 00:01:10]} 51.
Ke4 {[%clk 01:04:03]} {[%emt 00:00:05]} c3 {[%clk 00:47:51]} {[%emt 00:00:21]}
52. Kxf4 {[%clk 01:03:54]} {[%emt 00:00:39]} c2 {[%clk 00:48:08]} {[%emt
00:00:13]} 53. Kf5 {[%clk 01:04:15]} {[%emt 00:00:08]} c1=Q {[%emt 00:00:12]}
54. Kg6 {[%emt 00:00:12]} Qf4 {[%clk 00:47:59]} {[%emt 00:00:16]} 55. Kg7
{[%clk 01:04:28]} {[%emt 00:00:16]} Qg5 {[%clk 00:48:07]} {[%emt 00:00:17]} 56.
Kh7 {[%clk 01:04:43]} {[%emt 00:00:20]} Kf8 {[%clk 00:48:20]} {[%emt 00:00:16]}
57. Kh8 {[%clk 01:04:55]} {[%emt 00:00:20]} Qg8 {[%clk 00:48:42]} {[%emt
00:00:06]} 0-1

[Event "DVM U12 2024"]
[Site "Heidelberg GER"]
[Date "2024.12.30"]
[Round "7"]
[White "Birkoben, Georgi"]
[Black "Hübler, Leonas"]
[Result "1-0"]
[Termination "normal"]
[Board "9.4"]
[WhiteElo "1062"]
[BlackElo "920"]
[WhiteClock "01:22:44"]
[BlackClock "01:08:32"]
[WhiteTeam "SC Turm Erfurt"]
[BlackTeam "SC Leipzig-Lindenau"]
[PlyCount "121"]
[BlackFideId "533025711"]
[EventCountry "GER"]
[EventRounds "7"]
[EventType "team-swiss"]
[EventDate "2024.12.26"]

1. e4 {[%clk 01:30:58]} e5 {[%clk 01:30:52]} {[%emt 00:00:09]} 2. Nf3 {[%clk
01:31:23]} {[%emt 00:00:05]} Nc6 {[%clk 01:31:11]} {[%emt 00:00:11]} 3. d4
{[%clk 01:31:41]} {[%emt 00:00:13]} exd4 {[%clk 01:30:33]} {[%emt 00:01:09]} 4.
Bc4 {[%clk 01:31:34]} {[%emt 00:00:37]} Bc5 {[%clk 01:30:23]} {[%emt 00:00:40]}
5. c3 {[%clk 01:31:27]} {[%emt 00:00:37]} dxc3 {[%clk 01:30:03]} {[%emt
00:00:49]} 6. Bxf7+ {[%clk 01:30:17]} {[%emt 00:01:40]} Kxf7 {[%clk 01:29:39]}
{[%emt 00:00:53]} 7. Qd5+ {[%clk 01:30:40]} {[%emt 00:00:08]} Ke8 {[%clk
01:28:45]} {[%emt 00:01:25]} 8. Qh5+ {[%clk 01:29:53]} {[%emt 00:01:16]} Kf8
{[%clk 01:28:26]} {[%emt 00:00:49]} 9. Qxc5+ {[%clk 01:30:16]} {[%emt
00:00:07]} Qe7 {[%clk 01:27:23]} {[%emt 00:01:32]} 10. Qxe7+ {[%clk 01:27:44]}
{[%emt 00:03:03]} Kxe7 {[%clk 01:27:40]} {[%emt 00:00:12]} 11. Bg5+ {[%clk
01:25:53]} {[%emt 00:02:22]} Ke8 {[%clk 01:27:10]} {[%emt 00:01:00]} 12. Nxc3
{[%clk 01:25:43]} {[%emt 00:00:41]} Nf6 {[%clk 01:26:50]} {[%emt 00:00:49]} 13.
e5 {[%clk 01:25:14]} {[%emt 00:01:00]} Ng4 {[%clk 01:25:49]} {[%emt 00:01:29]}
14. Nb5 {[%clk 01:24:07]} {[%emt 00:01:39]} Kf7 {[%clk 01:24:14]} {[%emt
00:02:02]} 15. Nxc7 {[%clk 01:23:32]} {[%emt 00:01:08]} Rb8 {[%clk 01:24:05]}
{[%emt 00:00:39]} 16. Bf4 {[%emt 00:00:35]} Ke7 {[%clk 01:21:13]} {[%emt
00:03:18]} 17. Nd5+ {[%clk 01:22:07]} {[%emt 00:01:55]} Kd8 {[%clk 01:20:35]}
{[%emt 00:01:07]} 18. e6 {[%clk 01:18:48]} {[%emt 00:03:50]} Ra8 {[%clk
01:20:07]} {[%emt 00:00:57]} 19. Bg5+ {[%clk 01:17:19]} {[%emt 00:01:59]} Nf6
{[%clk 01:17:11]} {[%emt 00:03:26]} 20. Nxf6 {[%clk 01:17:00]} {[%emt
00:00:50]} gxf6 {[%clk 01:15:59]} {[%emt 00:01:42]} 21. Bxf6+ {[%clk 01:17:21]}
{[%emt 00:00:10]} Ke8 {[%clk 01:16:18]} {[%emt 00:00:10]} 22. Bxh8 {[%clk
01:17:45]} {[%emt 00:00:06]} dxe6 {[%clk 01:16:39]} {[%emt 00:00:10]} 23. O-O
{[%clk 01:17:41]} {[%emt 00:00:34]} b6 {[%clk 01:16:41]} {[%emt 00:00:28]} 24.
Rfe1 {[%clk 01:17:43]} {[%emt 00:00:27]} Bd7 {[%clk 01:16:37]} {[%emt
00:00:34]} 25. Rad1 {[%clk 01:17:55]} {[%emt 00:00:19]} a5 {[%clk 01:15:46]}
{[%emt 00:01:20]} 26. Ne5 {[%clk 01:17:34]} {[%emt 00:00:51]} Nxe5 {[%clk
01:15:47]} {[%emt 00:00:29]} 27. Bxe5 {[%clk 01:16:52]} {[%emt 00:01:12]} Ke7
{[%clk 01:13:10]} {[%emt 00:03:07]} 28. h3 {[%clk 01:16:40]} {[%emt 00:00:42]}
Ra7 {[%clk 01:13:02]} {[%emt 00:00:37]} 29. Bd4 {[%clk 01:16:25]} {[%emt
00:00:45]} Rb7 {[%clk 01:13:13]} {[%emt 00:00:20]} 30. Re5 {[%clk 01:15:47]}
{[%emt 00:01:08]} Be8 {[%clk 01:09:07]} {[%emt 00:04:37]} 31. Rg5 {[%clk
01:16:00]} {[%emt 00:00:15]} Bf7 {[%clk 01:09:12]} {[%emt 00:00:27]} 32. Rg7
{[%clk 01:16:21]} {[%emt 00:00:08]} h5 {[%clk 01:09:22]} {[%emt 00:00:19]} 33.
Rh7 {[%clk 01:16:35]} {[%emt 00:00:18]} b5 {[%clk 01:08:38]} {[%emt 00:01:13]}
34. Bc5+ {[%clk 01:16:48]} {[%emt 00:00:19]} Ke8 {[%clk 01:08:05]} {[%emt
00:01:01]} 35. Rh8+ {[%clk 01:17:05]} {[%emt 00:00:14]} Bg8 {[%clk 01:07:40]}
{[%emt 00:00:55]} 36. Rxg8+ {[%clk 01:16:22]} {[%emt 00:01:13]} Kf7 {[%clk
01:07:58]} {[%emt 00:00:13]} 37. Rh8 {[%clk 01:16:32]} {[%emt 00:00:19]} Kg6
{[%clk 01:07:55]} {[%emt 00:00:33]} 38. Rdd8 {[%clk 01:16:12]} {[%emt
00:00:50]} Rc7 {[%clk 01:06:17]} {[%emt 00:02:07]} 39. Bb6 {[%clk 01:16:27]}
{[%emt 00:00:17]} Rc1+ {[%clk 01:06:29]} {[%emt 00:00:17]} 40. Kh2 {[%clk
01:16:55]} {[%emt 00:00:03]} Ra1 {[%clk 01:06:14]} {[%emt 00:00:44]} 41. Bxa5
{[%clk 01:17:02]} {[%emt 00:00:23]} Rxa2 {[%clk 01:06:30]} {[%emt 00:00:14]}
42. Bc3 {[%clk 01:17:30]} {[%emt 00:00:02]} Kg5 {[%clk 01:05:42]} {[%emt
00:01:15]} 43. Rdf8 {[%clk 01:17:54]} {[%emt 00:00:09]} Ra7 {[%clk 01:04:34]}
{[%emt 00:01:37]} 44. Bd2+ {[%clk 01:17:27]} {[%emt 00:00:59]} Kg6 {[%clk
01:04:46]} {[%emt 00:00:17]} 45. Rhg8+ {[%clk 01:17:37]} {[%emt 00:00:20]} Rg7
{[%clk 01:04:32]} {[%emt 00:00:44]} 46. Rxg7+ {[%clk 01:17:44]} {[%emt
00:00:23]} Kxg7 {[%clk 01:04:52]} {[%emt 00:00:10]} 47. Rb8 {[%clk 01:18:11]}
{[%emt 00:00:04]} Kf7 {[%clk 01:05:07]} {[%emt 00:00:14]} 48. Rxb5 {[%clk
01:18:35]} {[%emt 00:00:07]} Kg6 {[%clk 01:05:10]} {[%emt 00:00:26]} 49. b3
{[%emt 00:00:07]} Kf7 {[%clk 01:05:23]} {[%emt 00:00:15]} 50. b4 {[%clk
01:19:27]} {[%emt 00:00:05]} Ke7 {[%clk 01:05:45]} {[%emt 00:00:07]} 51. Rc5
{[%clk 01:19:54]} {[%emt 00:00:03]} Kd6 {[%clk 01:05:59]} {[%emt 00:00:16]} 52.
Rc1 {[%clk 01:20:17]} {[%emt 00:00:07]} Kd5 {[%clk 01:06:06]} {[%emt 00:00:23]}
53. b5 {[%clk 01:20:43]} {[%emt 00:00:05]} Kd4 {[%clk 01:06:30]} {[%emt
00:00:06]} 54. b6 {[%clk 01:21:06]} {[%emt 00:00:07]} Kd3 {[%clk 01:06:56]}
{[%emt 00:00:03]} 55. Bg5 {[%clk 01:21:30]} {[%emt 00:00:06]} Ke4 {[%clk
01:07:16]} {[%emt 00:00:10]} 56. b7 {[%clk 01:21:54]} {[%emt 00:00:07]} Kf5
{[%clk 01:07:34]} {[%emt 00:00:10]} 57. b8=Q {[%clk 01:22:14]} {[%emt
00:00:09]} Kxg5 {[%clk 01:07:57]} {[%emt 00:00:08]} 58. Qe5+ {[%clk 01:22:35]}
{[%emt 00:00:09]} Kg6 {[%clk 01:08:06]} {[%emt 00:00:17]} 59. Qxe6+ {[%clk
01:22:57]} {[%emt 00:00:12]} Kg5 {[%clk 01:08:23]} {[%emt 00:00:11]} 60. Rc5+
{[%clk 01:23:19]} {[%emt 00:00:11]} Kf4 {[%clk 01:08:32]} {[%emt 00:00:20]} 61.
Qe5# {[%clk 01:22:44]} {[%emt 00:01:06]} 1-0

[Event "DVM U12 2024"]
[Site "Heidelberg GER"]
[Date "2024.12.30"]
[Round "7"]
[White "Dilger, Ludwig"]
[Black "Sriram, Aumkar"]
[Result "1-0"]
[Termination "normal"]
[Board "10.1"]
[WhiteElo "1615"]
[BlackElo "1610"]
[WhiteClock "00:42:56"]
[BlackClock "01:15:37"]
[WhiteTeam "SK Bebenhausen 1992"]
[BlackTeam "SV 1947 Walldorf"]
[PlyCount "65"]
[WhiteFideId "34647805"]
[BlackFideId "33460477"]
[EventCountry "GER"]
[EventRounds "7"]
[EventType "team-swiss"]
[EventDate "2024.12.26"]

1. d4 {[%clk 01:30:57]} {[%emt 00:00:03]} e6 {[%clk 01:30:31]} {[%emt
00:00:29]} 2. Nf3 {[%clk 01:30:38]} {[%emt 00:00:49]} f5 {[%clk 01:30:47]}
{[%emt 00:00:15]} 3. d5 {[%clk 01:30:37]} {[%emt 00:00:31]} Be7 {[%clk
01:29:08]} {[%emt 00:02:09]} 4. dxe6 {[%clk 01:26:18]} {[%emt 00:04:49]} dxe6
{[%clk 01:29:22]} {[%emt 00:00:15]} 5. Qxd8+ {[%clk 01:26:27]} {[%emt
00:00:21]} Bxd8 {[%clk 01:29:46]} {[%emt 00:00:07]} 6. Nc3 {[%clk 01:25:35]}
{[%emt 00:01:22]} Nf6 {[%clk 01:29:45]} {[%emt 00:00:29]} 7. Bf4 {[%clk
01:24:48]} {[%emt 00:01:18]} a6 {[%clk 01:29:41]} {[%emt 00:00:35]} 8. h3
{[%emt 00:13:04]} Nc6 {[%clk 01:28:03]} {[%emt 00:00:35]} 9. Ne5 {[%clk
01:07:59]} {[%emt 00:06:18]} Nxe5 {[%clk 01:27:12]} {[%emt 00:01:21]} 10. Bxe5
{[%clk 01:08:22]} {[%emt 00:00:07]} b6 {[%clk 01:27:23]} {[%emt 00:00:20]} 11.
e3 {[%clk 01:04:00]} {[%emt 00:04:52]} Bb7 {[%clk 01:27:41]} {[%emt 00:00:11]}
12. Rg1 {[%clk 00:57:38]} {[%emt 00:06:53]} O-O {[%clk 01:22:06]} {[%emt
00:06:05]} 13. O-O-O {[%clk 00:57:51]} {[%emt 00:00:17]} Nd5 {[%clk 01:22:19]}
{[%emt 00:00:17]} 14. Bc4 {[%clk 00:56:07]} {[%emt 00:02:13]} Re8 {[%clk
01:21:28]} {[%emt 00:01:18]} 15. g4 {[%clk 00:49:57]} {[%emt 00:06:43]} Nxc3
{[%clk 01:19:26]} {[%emt 00:02:33]} 16. Bxc3 {[%clk 00:50:05]} {[%emt
00:00:21]} Bf3 {[%clk 01:19:26]} {[%emt 00:00:30]} 17. Rd7 {[%clk 00:49:46]}
{[%emt 00:00:43]} fxg4 {[%clk 01:18:44]} {[%emt 00:01:18]} 18. Rxg7+ {[%clk
00:49:15]} {[%emt 00:01:01]} Kf8 {[%clk 01:18:27]} {[%emt 00:00:47]} 19. Rxh7
{[%clk 00:45:35]} {[%emt 00:04:11]} Re7 {[%clk 01:18:07]} {[%emt 00:00:49]} 20.
Rh8+ {[%clk 00:44:19]} {[%emt 00:01:46]} Kf7 {[%clk 01:15:51]} {[%emt
00:02:47]} 21. hxg4 {[%clk 00:44:09]} {[%emt 00:00:40]} c5 {[%clk 01:15:55]}
{[%emt 00:00:26]} 22. g5 {[%clk 00:43:22]} {[%emt 00:01:17]} Be4 {[%clk
01:15:39]} {[%emt 00:00:46]} 23. Rh6 {[%clk 00:41:44]} {[%emt 00:02:00]} Ke8
{[%clk 01:15:53]} {[%emt 00:00:23]} 24. Bxe6 {[%clk 00:41:26]} {[%emt
00:00:48]} Rh7 {[%clk 01:14:59]} {[%emt 00:01:12]} 25. Rxh7 {[%clk 00:41:19]}
{[%emt 00:00:50]} Bxh7 {[%clk 01:15:23]} {[%emt 00:00:06]} 26. g6 {[%clk
00:41:09]} {[%emt 00:00:40]} Ke7 {[%clk 01:15:07]} {[%emt 00:00:42]} 27. gxh7
{[%clk 00:41:19]} {[%emt 00:00:24]} Bc7 {[%clk 01:15:13]} {[%emt 00:00:24]} 28.
Rg8 {[%clk 00:41:40]} {[%emt 00:00:08]} Ra7 {[%clk 01:15:28]} {[%emt 00:00:16]}
29. h8=Q {[%clk 00:41:58]} {[%emt 00:00:12]} Kxe6 {[%clk 01:15:29]} {[%emt
00:00:29]} 30. Qf6+ {[%clk 00:42:17]} {[%emt 00:00:12]} Kd5 {[%clk 01:15:22]}
{[%emt 00:00:35]} 31. Rg5+ {[%emt 00:00:53]} Kc4 {[%clk 01:15:13]} {[%emt
00:00:04]} 32. b3+ {[%clk 00:42:31]} {[%emt 00:00:30]} Kb5 {[%clk 01:15:37]}
{[%emt 00:00:07]} 33. a4# {[%clk 00:42:56]} {[%emt 00:00:05]} 1-0